000 00482nam a2200169 a 4500
005 20210223122135.0
008 991125s1920 mx 000 0 spa u
035 _aUPN01000030268
049 _aLT
050 4 _aLB1573 M6.3
_bA9.4
100 1 _aAyala, Abel
_928868
245 1 0 _aInfancia :
_bsegundo libro de lectura /
_cAbel Ayala y Antonio Pons.
260 _aMexico :
_bAguilas,
_c[1920?].
300 _a211 p. :
_bil.
700 1 _aPons, Antonio,
_ecoaut.
_931144
905 _aLibro
999 _c30268
_d30268